MARC

LEADER 00000nam0a2200000 4500
001 221332
005 20231101230407.0
010 |a 5239010145 
020 |a RU  |b 90-15371 
035 |a (RuTPU)RU\TPU\book\241482 
090 |a 221332 
100 |a 20120910d1990 m y0rusy5003 ca 
101 0 |a rus 
102 |a RU 
105 |a a z 001zy 
200 1 |a Резчику по дереву  |f А. Ф. Афанасьев 
205 |a 2-е изд., испр. 
210 |a Москва  |c Московский рабочий  |d 1990 
215 |a 256 с.  |c ил. 
320 |a Библиогр.: с. 255. 
606 |a Резьба по дереву  |2 stltpush  |3 (RuTPU)RU\TPU\subj\24779  |9 49065 
610 1 |a подготовка 
610 1 |a инструменты 
610 1 |a древесина 
610 1 |a свойства 
610 1 |a обработка 
610 1 |a приемы 
610 1 |a резьбовые изделия 
610 1 |a мастерство 
610 1 |a совершенствование 
610 1 |a декор 
610 1 |a применение 
610 1 |a творческие задачи 
675 |a 745.51  |v 3 
700 1 |a Афанасьев  |b А. Ф.  |g Александр Федорович  |4 070 
801 0 |a RU  |b RuMRKP  |c 19950417  |g psbo 
801 1 |a RU  |b 63413507  |c 20120910 
801 2 |a RU  |b 63413507  |c 20180221  |g RCR 
942 |c BK